<?xml version="1.0" encoding="UTF-8"?>
<marc:record xmlns:marc="http://www.loc.gov/MARC21/slim" type="Bibliographic">
   <marc:leader>00000nam a2200000 c 4500</marc:leader>
   <marc:controlfield tag="001">978740300</marc:controlfield>
   <marc:controlfield tag="003">DE-101</marc:controlfield>
   <marc:controlfield tag="005">20171201230906.0</marc:controlfield>
   <marc:controlfield tag="007">tu</marc:controlfield>
   <marc:controlfield tag="008">060228s2006    gw ||||| |||| 00||||ger  </marc:controlfield>
   <marc:datafield ind1=" " ind2=" " tag="015">
      <marc:subfield code="a">06,A25,2468</marc:subfield>
      <marc:subfield code="2">dnb</marc:subfield>
   </marc:datafield>
   <marc:datafield ind1="7" ind2=" " tag="016">
      <marc:subfield code="2">DE-101</marc:subfield>
      <marc:subfield code="a">978740300</marc:subfield>
   </marc:datafield>
   <marc:datafield ind1=" " ind2=" " tag="020">
      <marc:subfield code="a">9783828979321</marc:subfield>
      <marc:subfield code="c">Pp.</marc:subfield>
      <marc:subfield code="9">978-3-8289-7932-1</marc:subfield>
   </marc:datafield>
   <marc:datafield ind1=" " ind2=" " tag="020">
      <marc:subfield code="a">3828979327</marc:subfield>
      <marc:subfield code="c">Pp.</marc:subfield>
      <marc:subfield code="9">3-8289-7932-7</marc:subfield>
   </marc:datafield>
   <marc:datafield ind1=" " ind2=" " tag="035">
      <marc:subfield code="a">(DE-599)DNB978740300</marc:subfield>
   </marc:datafield>
   <marc:datafield ind1=" " ind2=" " tag="035">
      <marc:subfield code="a">(OCoLC)162206965</marc:subfield>
   </marc:datafield>
   <marc:datafield ind1=" " ind2=" " tag="040">
      <marc:subfield code="a">1230</marc:subfield>
      <marc:subfield code="b">ger</marc:subfield>
      <marc:subfield code="c">DE-101</marc:subfield>
      <marc:subfield code="d">9999</marc:subfield>
   </marc:datafield>
   <marc:datafield ind1=" " ind2=" " tag="041">
      <marc:subfield code="a">ger</marc:subfield>
      <marc:subfield code="h">eng</marc:subfield>
   </marc:datafield>
   <marc:datafield ind1=" " ind2=" " tag="044">
      <marc:subfield code="c">XA-DE</marc:subfield>
   </marc:datafield>
   <marc:datafield ind1="7" ind2="4" tag="082">
      <marc:subfield code="a">940</marc:subfield>
      <marc:subfield code="q">DE-101</marc:subfield>
      <marc:subfield code="2">22sdnb</marc:subfield>
   </marc:datafield>
   <marc:datafield ind1=" " ind2=" " tag="090">
      <marc:subfield code="a">b</marc:subfield>
   </marc:datafield>
   <marc:datafield ind1="1" ind2=" " tag="100">
      <marc:subfield code="0">(DE-588)122507223</marc:subfield>
      <marc:subfield code="0">http://d-nb.info/gnd/122507223</marc:subfield>
      <marc:subfield code="0">(DE-101)122507223</marc:subfield>
      <marc:subfield code="a">Verolme, Hetty E.</marc:subfield>
      <marc:subfield code="d">1930-</marc:subfield>
      <marc:subfield code="e">Verfasser</marc:subfield>
      <marc:subfield code="4">aut</marc:subfield>
   </marc:datafield>
   <marc:datafield ind1="0" ind2="0" tag="245">
      <marc:subfield code="a">Wir Kinder von Bergen-Belsen</marc:subfield>
      <marc:subfield code="c">Hetty E. Verolme. Aus dem Engl. von Mirjam Pressler</marc:subfield>
   </marc:datafield>
   <marc:datafield ind1=" " ind2="1" tag="264">
      <marc:subfield code="a">Augsburg</marc:subfield>
      <marc:subfield code="b">Weltbild</marc:subfield>
      <marc:subfield code="c">2006</marc:subfield>
   </marc:datafield>
   <marc:datafield ind1=" " ind2=" " tag="300">
      <marc:subfield code="a">340 S.</marc:subfield>
      <marc:subfield code="b">Ill.</marc:subfield>
      <marc:subfield code="c">21 cm</marc:subfield>
   </marc:datafield>
   <marc:datafield ind1=" " ind2=" " tag="336">
      <marc:subfield code="a">Text</marc:subfield>
      <marc:subfield code="b">txt</marc:subfield>
      <marc:subfield code="2">rdacontent</marc:subfield>
   </marc:datafield>
   <marc:datafield ind1=" " ind2=" " tag="337">
      <marc:subfield code="a">ohne Hilfsmittel zu benutzen</marc:subfield>
      <marc:subfield code="b">n</marc:subfield>
      <marc:subfield code="2">rdamedia</marc:subfield>
   </marc:datafield>
   <marc:datafield ind1=" " ind2=" " tag="338">
      <marc:subfield code="a">Band</marc:subfield>
      <marc:subfield code="b">nc</marc:subfield>
      <marc:subfield code="2">rdacarrier</marc:subfield>
   </marc:datafield>
   <marc:datafield ind1=" " ind2=" " tag="500">
      <marc:subfield code="a">Lizenz des Verl. Beltz, Weinheim, Basel</marc:subfield>
   </marc:datafield>
   <marc:datafield ind1="2" ind2="7" tag="610">
      <marc:subfield code="0">(DE-588)4005631-4</marc:subfield>
      <marc:subfield code="0">http://d-nb.info/gnd/4005631-4</marc:subfield>
      <marc:subfield code="0">(DE-101)040056317</marc:subfield>
      <marc:subfield code="a">Konzentrationslager Bergen-Belsen</marc:subfield>
      <marc:subfield code="2">gnd</marc:subfield>
   </marc:datafield>
   <marc:datafield ind1=" " ind2="7" tag="648">
      <marc:subfield code="a">Geschichte</marc:subfield>
      <marc:subfield code="2">gnd</marc:subfield>
   </marc:datafield>
   <marc:datafield ind1=" " ind2="7" tag="650">
      <marc:subfield code="0">(DE-588)4131365-3</marc:subfield>
      <marc:subfield code="0">http://d-nb.info/gnd/4131365-3</marc:subfield>
      <marc:subfield code="0">(DE-101)041313658</marc:subfield>
      <marc:subfield code="a">Niederländer</marc:subfield>
      <marc:subfield code="2">gnd</marc:subfield>
   </marc:datafield>
   <marc:datafield ind1=" " ind2="7" tag="650">
      <marc:subfield code="0">(DE-588)4030550-8</marc:subfield>
      <marc:subfield code="0">http://d-nb.info/gnd/4030550-8</marc:subfield>
      <marc:subfield code="0">(DE-101)040305503</marc:subfield>
      <marc:subfield code="a">Kind</marc:subfield>
      <marc:subfield code="2">gnd</marc:subfield>
   </marc:datafield>
   <marc:datafield ind1=" " ind2="7" tag="655">
      <marc:subfield code="0">(DE-588)4133254-4</marc:subfield>
      <marc:subfield code="0">http://d-nb.info/gnd/4133254-4</marc:subfield>
      <marc:subfield code="0">(DE-101)041332547</marc:subfield>
      <marc:subfield code="a">Erlebnisbericht</marc:subfield>
      <marc:subfield code="2">gnd-content</marc:subfield>
   </marc:datafield>
   <marc:datafield ind1=" " ind2="7" tag="655">
      <marc:subfield code="a">Erlebnisbericht</marc:subfield>
      <marc:subfield code="2">gnd</marc:subfield>
   </marc:datafield>
   <marc:datafield ind1="0" ind2="0" tag="689">
      <marc:subfield code="0">(DE-588)4005631-4</marc:subfield>
      <marc:subfield code="0">http://d-nb.info/gnd/4005631-4</marc:subfield>
      <marc:subfield code="0">(DE-101)040056317</marc:subfield>
      <marc:subfield code="D">b</marc:subfield>
      <marc:subfield code="a">Konzentrationslager Bergen-Belsen</marc:subfield>
   </marc:datafield>
   <marc:datafield ind1="0" ind2="1" tag="689">
      <marc:subfield code="0">(DE-588)4131365-3</marc:subfield>
      <marc:subfield code="0">http://d-nb.info/gnd/4131365-3</marc:subfield>
      <marc:subfield code="0">(DE-101)041313658</marc:subfield>
      <marc:subfield code="D">s</marc:subfield>
      <marc:subfield code="a">Niederländer</marc:subfield>
   </marc:datafield>
   <marc:datafield ind1="0" ind2="2" tag="689">
      <marc:subfield code="0">(DE-588)4030550-8</marc:subfield>
      <marc:subfield code="0">http://d-nb.info/gnd/4030550-8</marc:subfield>
      <marc:subfield code="0">(DE-101)040305503</marc:subfield>
      <marc:subfield code="D">s</marc:subfield>
      <marc:subfield code="a">Kind</marc:subfield>
   </marc:datafield>
   <marc:datafield ind1="0" ind2="3" tag="689">
      <marc:subfield code="A">z</marc:subfield>
      <marc:subfield code="a">Geschichte</marc:subfield>
   </marc:datafield>
   <marc:datafield ind1="0" ind2="4" tag="689">
      <marc:subfield code="A">f</marc:subfield>
      <marc:subfield code="a">Erlebnisbericht</marc:subfield>
   </marc:datafield>
   <marc:datafield ind1="0" ind2=" " tag="689">
      <marc:subfield code="5">DE-101</marc:subfield>
      <marc:subfield code="5">DE-101</marc:subfield>
   </marc:datafield>
   <marc:datafield ind1="1" ind2="2" tag="700">
      <marc:subfield code="a">Verolme, Hetty E.</marc:subfield>
      <marc:subfield code="d">1930-</marc:subfield>
      <marc:subfield code="t">&#x98;The&#x9c; children's house of Belsen</marc:subfield>
      <marc:subfield code="g">dt.</marc:subfield>
   </marc:datafield>
   <marc:datafield ind1=" " ind2=" " tag="850">
      <marc:subfield code="a">DE-101a</marc:subfield>
      <marc:subfield code="a">DE-101b</marc:subfield>
   </marc:datafield>
   <marc:datafield ind1="r" ind2=" " tag="925">
      <marc:subfield code="a">ra</marc:subfield>
   </marc:datafield>
</marc:record>
